Mecánica de suelos en la ingeniería práctica / (Record no. 129517)

MARC details
000 -LEADER
campo de control de longitud fija 00618nam a2200193 i 4500
001 - NÚMERO DE CONTROL
campo de control 129517
003 - IDENTIFICADOR DE NÚMERO DE CONTROL
campo de control ES-MaACL
007 - CAMPO FIJO DE DESCRIPCIÓN FÍSICA--INFORMACIÓN GENERAL
campo de control de longitud fija t|
008 - DATOS DE LONGITUD FIJA--INFORMACIÓN GENERAL
campo de control de longitud fija 070625s1973 ag ||||1| spa d
080 ## - NÚMERO DE LA CLASIFICACIÓN DECIMAL UNIVERSAL
Número de la Clasificación Decimal Universal 624.131(02)
100 1# - ENTRADA PRINCIPAL--NOMBRE DE PERSONA
Nombre de persona Terzaghi, Karl.
9 (RLIN) 109818
245 10 - MENCIÓN DEL TÍTULO
Título Mecánica de suelos en la ingeniería práctica /
Mención de responsabilidad, etc. por Karl Terzaghi y Ralph B. Peck ; versión por Oreste Moretto.
250 ## - MENCION DE EDICION
Mención de edición 2ª ed.
260 ## - PUBLICACIÓN, DISTRIBUCIÓN, ETC.
Lugar de publicación, distribución, etc. Buenos Aires :
Nombre del editor, distribuidor, etc. El Ateneo,
Fecha de publicación, distribución, etc. [1973]
300 ## - DESCRIPCIÓN FÍSICA
Extensión XXIV, 722 p. :
Otras características físicas il. ;
Dimensiones 23 cm.
700 1# - ENTRADA AGREGADA--NOMBRE PERSONAL
Nombre de persona Peck, Ralp Braxelton.
9 (RLIN) 89856
700 1# - ENTRADA AGREGADA--NOMBRE PERSONAL
Nombre de persona Moreto, Oreste.
9 (RLIN) 83480
852 ## - LOCALIZACIÓN
Ubicación ES-MaACL
Número de control de estantería E-7541
Sublocalización o colección R.91595
Holdings
Estatus retirado Estado de pérdida Estado de daño No para préstamo Biblioteca de origen Biblioteca actual Ubicación en estantería Fecha de adquisición Fuente de adquisición Total de préstamos Signatura topográfica completa Código de barras Visto por última vez Precio de reemplazo Tipo de ítem Koha
        Biblioteca del Ateneo de Madrid Biblioteca del Ateneo de Madrid Depósito 2 17/01/2008     E-7541 1134870 23/02/2023 23/02/2023 Libro impreso